Estructuras ciclo de krebs - Statistics

General Stats
  • This quiz has been taken 9 times
  • The average score is 10 of 12
Answer Stats
Picture Answer % Correct
acetil coa
100%
alfacetoglutarato
100%
citrato
100%
fumarato
100%
iso citrato
100%
malato
100%
oxalacetato
100%
succinato
100%
succinil coa
100%
cis aconitato
67%
glioxilato
33%
oxalosuccinato
33%
No matching quizzes found
Score Distribution
Percent of People with Each Score
Percentile by Number Answered
Your Score History
You have not taken this quiz